Missing Word: 4-Letter Words in US Albums Quiz Stats

 Plays Quiz Updated Nov 7, 2019

Score 0/18 Timer 02:30
3 Plays Today
Album name Missing Word % Correct
Slippery ___ Wet (1986)When
93.4%
Wide ___ Spaces (1998)Open
90.7%
___ Off Your Pants and Jacket (2001)Take
90.6%
The Chronicles of ___ and Death (2004)Life
89.4%
Backstreet's ___ (1997)Back
77%
A ___ for You (1972)Song
50.7%
Get a ___ (1993)Grip
47.8%
___ Circle (2002)Full
44.7%
___ the Lightning (1984)Ride
40.3%
Album name Missing Word % Correct
Black Gives Way to ___ (2009)Blue
35.5%
Lightning ___ (2013)Bolt
26.4%
___ in Peace (1990)Rust
25.2%
G N' R ___ (1988)Lies
24.9%
Human ___ (1999)Clay
20.2%
Infinity on ___ (2007)High
15.2%
Concrete and ___ (2017)Gold
12.3%
___ of Unknown Origin (1981)Fire
12%
A Thousand ___ (2010)Suns
11.7%

Today's Daily Dose

You're not logged in!

Compare scores with friends on all Sporcle quizzes.
OR
Log In

Sporcle TV

Today on Sporcle TV


Watch our educational content, quiz creation guides, and fun videos on Sporcle TV.

Show Comments

Extras

Top Quizzes Today


Score Distribution

Your Account Isn't Verified!

In order to create a playlist on Sporcle, you need to verify the email address you used during registration. Go to your Sporcle Settings to finish the process.

Report this User

Report this user for behavior that violates our Community Guidelines.

Details: